02050nam a2200241Ia 4500001000600000003000900006008004100015040001300056040001300069041001300082100002100095100002900116245004600145245004600191250001100237260001200248260003700260260004900297300005700346500134600403650002801749650003101777H9794IT-RoPAU130308s9999 xx 000 0 und d aIT-RoPAU cIT-RoPAU aITALIANO aGriseri Andreina gCodice Aut. SPICS: 14546 aJaquerio e il realismo gotico in Piemonte bJaquerio e Il Realismo gotico in Piemonte a1a ed. a toRINO bEdizioni D'Arte Fratelli Pozzo  c1966 [1° Ed.:1966 - Ed.Ling.Originale:1966] a"302 p. (prefazione: no ; testo: 302 [pagine: 0-0])" a"Copia N. 729 su 4500. 1914 Jaquerio Riscoperto. Cultura e Percorso Autonomo di Jaquerio. Struttura Nuovo Realismo. tra Svizzera e Savoia Verso Borgogna. Ranverso e Tradizione Padana ultimo '300. Centro Apertura Europea, Biblioteca di Amedeo Viii; Crisi Codice Illustrato, Pagina Miniata Come Affresco. Capolavoro di Bapteur, Crocifissione del museo civico di torino. Storie di Sant'Antonio in Chiave di Lombardismo Riformato. Umanesimo Atorino, Pareti Moderne di Jaquerio. da Ranverso a Fenis Primo Cantiere di Jaquerio. Salita al Calvario e Stile Orale Realismo gotico in Piemonte. Comunicabilità€ di Jaquerio Oltre Sacre rappresentazioni e Xilografie. Esempio Tipo Arte Dicorte, Sara Baronale Alla Manta. Ancora un'ipotesi per Bapteur. Jaquerio, Cietario e Cristoforo Moretti. Approdo interiore di Jaquerio, scultura . Realismo Intimista della Cappella di San Biagio. Officina di Jaquerio a Pianezza e a Pecetto, Secondo Tempo di Fenis. Modo Autentico di Jaquerio Come Suscitatore di un'arte Popolare intorno a torino. nel Cuneese, Biblia Pauperume Pittura Come Arte della Comunicazione: da Bastia a Morozzo, da Valgrana a Marmora. Rapporto con Miniatura Savoiarda (Peronet Lamy). Pittura Come sacra Rappresentazione. Teatro Espressionista di Canavesio, a Briga e a Tenda. Note. Regesti e Documenti. Bibliografia. 52 Figure, 174 Tavole." aAUTORI/OPERE DI PITTURA eCodice materia Spics: 5207